Български език и литература (Запис номер 328215)
[ съкратено ]
| 000 -Лидер | |
|---|---|
| Контролно поле с фиксирана дължина | 01301nam a2200313 a 4500 |
| 003 - Код на организацията, давaща контролен номер | |
| Контролно поле | BLK |
| 005 - Дата и час на последна редакция | |
| Контролно поле | 20231220114937.0 |
| 008 - Елементи от данни с фиксирана дължина | |
| fixed length control field | 181219b bu a|||ar|||| 00| 0 bu d |
| 020 ## - Международен стандартен номер на книга ISBN | |
| Международен стандартен номер на книга ISBN | 9789540137438 |
| 040 ## - Източник на каталожния запис | |
| Идентификатор на билиотеката - собственик на записа | BLK |
| 041 ## - Код за език | |
| Код за езика на текст/звукозапис или на отделно заглавие | Български |
| Код за езика КДБФ | Български |
| 080 ## - УДК | |
| Текстов определител УДК | Занимания в предучилищна възраст |
| УДК код - определител по УДК | 372.3 |
| УДК - код + определител | 372.3 |
| 100 1# - Редна дума - Автор | |
| Автор | Ангелов, Божидар Михайлов |
| R(LIN) | 31376 |
| 139 ## - Редно поле | |
| Редна дума | Ангелов, Божидар Михайлов |
| Авторски знак | Ан - А 64 |
| 245 ## - Сведения за заглавието | |
| Заглавие | Български език и литература |
| Подзаглавни данни | Книжка за втора възрастова група 4-5 години |
| 260 ## - Област на издателските данни | |
| 9 (RLIN) | 209435 |
| Място на издаване, разпространение и проч. | София |
| Име на издателя, разпространителя и проч. | Просвета |
| Година на издаване | 2018 |
| Печатница | Лито Балкан |
| Дата на отпечатване | 2018 |
| 300 ## - Физическа характеристика | |
| Страници | [95] с. |
| Илюстрации и др. | с цв. ил. |
| Размери/Мащаб | 29 см |
| 380 ## - Жанр | |
| Жанр | Детска отраслова лит. |
| 500 ## - Общи забележки | |
| Забележка | Кор. опис.<br/>Кн. от поредицата Чуден свят |
| 650 #0 - Допълнително описание по предмет – тема | |
| 9 (RLIN) | 246425 |
| Основно описание – тема или топоним | Български език |
| 650 #7 - Допълнително описание по предмет – тема | |
| 9 (RLIN) | 160477 |
| Основно описание – тема или топоним | Литература |
| 700 ## - Други автори (авторска отговорност) | |
| Лично име | Вълчева, Пенка Кръстева |
| Автороска отговорност (Описва отношението между автора и произведението) | съавт. |
| 9 (RLIN) | 1445 |
| 700 ## - Други автори (авторска отговорност) | |
| 9 (RLIN) | 1311 |
| Лично име | Иванова, Радка |
| Автороска отговорност (Описва отношението между автора и произведението) | ред. |
| 700 ## - Други автори (авторска отговорност) | |
| 9 (RLIN) | 390420 |
| Лично име | Койнарев, Васил |
| Автороска отговорност (Описва отношението между автора и произведението) | кор. |
| 852 ## - Местоположение | |
| Форматна сигнатура | Цб ІІ 23226 |
| 999 ## - СИСТЕМНИ КОНТРОЛНИ НОМЕРА | |
| Koha biblionumber | 328215 |
| Koha biblioitemnumber | 328215 |
| 942 ## - АРТИКУЛИ | |
| Вид на библиотечния материал | Книги |
| Скрит в OPAC | Не |
| 944 ## - СЪЗДАВАНЕ И РЕДАКЦИЯ на ЗАПИСА | |
| Създаване/Редакция | Създаване |
| Дата на регистрацията/редакция | 2018-12-19 |
| Служител, извършил регистрацията/редакцията | 30560 |
| Статус, дата на статуса | Геновева Генчева |
| 999 ## - СИСТЕМНИ КОНТРОЛНИ НОМЕРА | |
| Koha biblioitemnumber | 328215 |
| Код за отписване | Код за изгубен артикул | Източник на класификационната схема | Код за повреда | Коз за рестрикции | Код за отдаване | Артикулен № | Име на библиотеката - собственик | Име на библиотеката, в която се намира в момента | Статус (Текущо местоположение) | Дата на вписване в системата | Местоположение - отдел | Цена в лева | Систематично азбучна сигнатура | Баркод | Цена в евро | Служебен тип на артикула |
|---|---|---|---|---|---|---|---|---|---|---|---|---|---|---|---|---|
| Не е изгубен | Universal Decimal Classification | Не е повреден | без рестрикции | ползва се в читалня | 687532 | Регионална библиотека "Любен Каравелов" Русе | Регионална библиотека "Любен Каравелов" Русе | Хранилище | 2018-12-20 | Хранилище | 6.00 | Цб ІІ 23226 | 120000827994 | 3.07 | Книги |